Word Ladder: Cry Your Eyes Out Quiz Stats

Quiz Updated Feb 18, 2016

Challenge
Share
Tweet
Embed
Score 0/33 Timer 03:00
5 Plays Today
Clue 4-Letter Word % Correct
● Wolf's cry ●● HOWL ●
98.2%
China's 'Great' landmarkWALL
98.1%
Soup or cereal vesselBOWL
97.9%
Get-out-of-jail moneyBAIL
97.4%
Paradise's oppositeHELL
97.3%
CorridorHALL
97.3%
AssistHELP
97.1%
● Cry like a banshee ●● WAIL ●
96.7%
● Cry loudly ●● BAWL ●
94.4%
Edible seaweedKELP
93.8%
LifelessDEAD
93.5%
● Cry sorrowfully ●● WEEP ●
89%
Hold on toKEEP
88.9%
Garden intruderWEED
88.3%
● Eye drop ●● TEAR ●
87.2%
Butcher's stockMEAT
86.9%
CherishedDEAR
85.4%
Clue 4-Letter Word % Correct
Suckling siteTEAT
84.5%
Go bad (like milk)SOUR
81.8%
Kitchen's 2nd in command: ____ chefSOUS
79.1%
PeruseREAD
77.1%
Wetlands plantREED
76.6%
Daybreak, poeticallyMORN
71.7%
In additionMORE
71.6%
Traditional talesLORE
70.7%
● Sound of distress ●● MOAN ●
66%
Aquatic barrierMOAT
65.4%
● Gasping cries ●● SOBS ●
62%
Speak unclearlySLUR
59.8%
TossesLOBS
58%
Become fuzzy or hazyBLUR
55.9%
Place for a stud?LOBE
55.4%
● Cry noisily, for short ●● BLUB ●
44.9%

Today's Daily Dose

Missing Word
1971 Movies A-Z

Word Ladder
Complete Tour

Quick Pick
Logo Colors

On This Day
January 19th

You're not logged in!

Compare scores with friends on all Sporcle quizzes.
Sign Up with Email
OR
Log In

You Might Also Like...

Show Comments

Extras

Top Quizzes Today


Score Distribution

Your Account Isn't Verified!

In order to create a playlist on Sporcle, you need to verify the email address you used during registration. Go to your Sporcle Settings to finish the process.